000 00391pab a2200169 454500
008 180718b2013 xxu||||| |||| 00| 0 eng d
100 _aJain, Manisha
245 _aStrengthening and restructuring of ICDS scheme
260 _c2013
300 _ap.64-65.
362 _aJan
650 _aGood governance
650 _aChild welfare
773 _aYojana
908 _aN
909 _a98239
999 _c98238
_d98238